Historia de la peseta / (Record n. 6178)

Dettagli MARC
000 -LEADER
fixed length control field 00790nam a2200265 i 4500
003 - CONTROL NUMBER IDENTIFIER
control field IT-RoINE
005 - DATE AND TIME OF LATEST TRANSACTION
control field 20160609074345.0
008 - FIXED-LENGTH DATA ELEMENTS--GENERAL INFORMATION
fixed length control field 010912s2001 sp r 000 0 spa d
020 ## - INTERNATIONAL STANDARD BOOK NUMBER
International Standard Book Number 8435026337
040 ## - CATALOGING SOURCE
Original cataloging agency UZ.ECON
Transcribing agency IT-RoINE
Modifying agency IT-RoINE
100 1# - MAIN ENTRY--PERSONAL NAME
Personal name Voltes Bou, Pedro,
9 (RLIN) 10110
Dates associated with a name 1926-2009
245 10 - TITLE STATEMENT
Title Historia de la peseta /
Statement of responsibility, etc Pedro Voltes.
260 ## - PUBLICATION, DISTRIBUTION, ETC. (IMPRINT)
Place of publication, distribution, etc Barcelona :
Name of publisher, distributor, etc Edhasa,
Date of publication, distribution, etc 2001.
300 ## - PHYSICAL DESCRIPTION
Extent 338 p. ;
Dimensions 23 cm.
336 ## - CONTENT TYPE
Source rdacontent
Content type term text
337 ## - MEDIA TYPE
Source rdamedia
Media type term unmediated
338 ## - CARRIER TYPE
Source rdacarrier
Carrier type term volume
490 1# - SERIES STATEMENT
Series statement Ensayo
504 ## - BIBLIOGRAPHY, ETC. NOTE
Bibliography, etc Incluye bibliografía.
650 04 - SUBJECT ADDED ENTRY--TOPICAL TERM
Topical term or geographic name as entry element Peseta
General subdivision Historia
9 (RLIN) 13359
650 04 - SUBJECT ADDED ENTRY--TOPICAL TERM
Topical term or geographic name as entry element Moneda
Geographic subdivision España
General subdivision Historia
9 (RLIN) 10941
651 #4 - SUBJECT ADDED ENTRY--GEOGRAPHIC NAME
Geographic name España
General subdivision Política monetaria
-- Historia
9 (RLIN) 24518
830 #0 - SERIES ADDED ENTRY--UNIFORM TITLE
Uniform title Ensayo (Edhasa)
9 (RLIN) 13361
942 ## - ADDED ENTRY ELEMENTS (KOHA)
Item type Monografías
Dati di copia
Withdrawn status Lost status Damaged status Not for loan Home library Current library Date acquired Total Checkouts Full call number Barcode Date last seen Price effective from Koha item type
        Iglesia Nacional Española en Roma Iglesia Nacional Española en Roma 23/10/2014   HIS.ESP.0. 524 7602 23/10/2014 23/10/2014 Monografías